000 00647nam a2200217 4500
003 OSt
005 20240605085117.0
006 a
008 240605b |||||||| |||| 00| 0 eng d
020 _a9780804840293
040 _aDWCL-HMN lib.
_cOC
082 _aCirc. 641.5954 R173e 2010
100 _aRamineni, Shubhra
245 _aEntice with spice : easy Indian recipes for busy people /
260 _aTokyo :
_bTuttle Publishing,
_cc2010.
300 _b160 pages : colored illustrations, colored maps ;
_c26 cm.
504 _aIncludes index.
650 _a1. Cooking–Indic.
700 _aShubhra Ramineni
942 _2ddc
_n0
_cBK-CIRC
_kCirc.
999 _c225
_d225